| 000 | 00435nam a2200181Ia 4500 | ||
|---|---|---|---|
| 001 | 12848 | ||
| 005 | 20260306163011.0 | ||
| 008 | 260306t2008||||xx |||||||||||||| ||spa|| | ||
| 041 | _aESP | ||
| 082 |
_aRD 349.1003 _bG86 |
||
| 100 |
_aGuerriero, Ángel Hugo _eAUT |
||
| 245 | 0 | _aDiccionario de derecho romano | |
| 260 | _c2008 | ||
| 300 |
_a446 páginas : _c22 cm. |
||
| 650 | _aGEN | ||
| 654 | _aCDE | ||
| 942 |
_cDIC _dJUS _fJUS _2ddc _n |
||
| 999 |
_c12848 _d12848 |
||